000 00385nam a2200145Ia 4500
005 20260328104311.0
008 260328s9999||||xx |||||||||||||| ||und||
100 _aRivas, Esther
245 0 _aEstructuras desplegables :
_b Arquitectura, Ingeniería y Diseño /
_cEsther Rivas
250 _a1a ed.
260 _bPromopress
300 _a160 p.
650 _aARQUITECTURA
942 _cBK
999 _c10951
_d10951